01413nam a2200373 i 450000100060000000300080000600500170001400600190003100700150005000800410006502000180010602000280012403500220015204000310017405000230020508000120022808200150024010000340025524500970028926400300038630000540041633600310047033700330050133800430053450400390057758800830061659001620069965000240086165000290088565500270091479700180094185600630095999900170102263659FINmELB20241217142347.0m o u cr cn|||||||||210804s2013 sp a ob 000 0 spa d a9788497291316 a9788497295802q(e-book) a(OCoLC)1265043197 aFINmELBbspaerdacFINmELB 4aGV953.5bL346 2013 a796.33204a796.412231 aLago Peñas, Carlos,eautor.10a¿Por qué? :bverdades y mitos sobre el rendimiento en el fútbol /cCarlos Lago Peñas. 1aBarcelona :bINDE,c2013. a1 recurso en línea (86 páginas) :bgráficos atextobtxt2rdacontent/spa acomputadorabc2rdamedia/spa arecurso en líneabcr2rdacarrier/spa aBibliografía: páginas [81]-86. aDescripción basada en metadatos suministrados por el editor y otras fuentes. aRecurso electrónico. Santa Fe, Arg.: elibro, 2021. Disponible vía World Wide Web. El acceso puede estar limitado para las bibliotecas afiliadas a elibro. 0aFootballxTraining. 4aFútbolxEntrenamiento. 4aLibros electrónicos.2 aelibro, Corp.40uhttps://elibro.net/ereader/politecnicointernacional/174993 c63659d63659